000 01825nam0a2200337 4500
001 RU\NLR\bibl\506045
005 20250609141317.0
010 _a5-88476-543-6
_9100
021 _aRU
_b2004-16849
_9865
035 _a(NLR Aleph) 000498599
090 _a1159182
_c1159182
100 _a20040329d2003 |||y0rusy50 ca
101 0 _arus
102 _aRU
105 _ay |||||||||
200 1 _aТеория и практика обучения объемному изображению в сюжетном рисовании в системе начального и среднего образования
_eУчеб.-метод. пособие
_eДля студентов вузов, обучающихся по специальности 030800 - Изобразительное искусство
_fО.Р. Лагутина
_gМ-во образования Рос. Федерации, Мурман. гос. пед. ун-т
210 _aМурманск
_cМГПУ
_d2003
215 _a86 с.
_d20
320 _aБиблиогр.: с. 78-85
606 0 _aРисование
_xМетодика преподавания
_xНачальная школа
_9930229
_3RU\NLR\auth\66342370
606 0 _aРисование
_xПреподавание
_xНачальная школа
_92210630
_3RU\NLR\auth\661327964
606 0 _aРисование
_xМетодика преподавания
_xСредняя школа
_91516545
_3RU\NLR\auth\66960776
606 0 _aРисование
_xПреподавание
_xСредняя школа
_91516640
_3RU\NLR\auth\66960834
686 _aЧ426.64-2
700 1 _aЛагутина
_bО. Р.
_gОльга Рудольфовна
_4070
801 0 _aRU
_bNLR
_c20040329
_gPSBO
801 1 _aRU
_bNLR
_c20040329
942 _cBOOK
980 _aNB
980 _aNBR